[Event "ESP-ch U18"]
[Site "Salobrena"]
[Date "2021.07.26"]
[Round "1"]
[White "Gonzalez Vacas, Raul"]
[Black "Lin, Ying Rui"]
[Result "0-1"]
[WhiteElo "1803"]
[BlackElo "2324"]
[PlyCount "158"]
[EventDate "2021.07.26"]
[EventType "swiss"]
[EventRounds "9"]
[EventCountry "ESP"]
[SourceTitle "CBM 203 Extra"]
[Source "ChessBase"]
[SourceDate "2021.09.30"]
[SourceVersion "1"]
[SourceVersionDate "2021.09.30"]
[SourceQuality "1"]

1. e4 c5 2. Nf3 Nc6 3. b4 cxb4 4. d4 g6 5. c4 bxc3 6. Nxc3 Bg7 7. Bc4 d6 8. h3 Nf6 9. 0-0 0-0 10. Qc2 a6 11. a4 Bd7 12. Bd2 Rc8 13. Qa2 e6 14. Rab1 Ne8 15. Ne2 Rb8 16. Bg5 Bf6 17. Bh6 Bg7 18. Bg5 Ne7 19. Bxe7 Qxe7 20. Bxa6 Bc6 21. d5 exd5 22. exd5 Bxd5 23. Qxd5 Nc7 24. Qd3 Nxa6 25. Rfe1 Nc5 26. Qb5 Qf6 27. Ng3 Rfd8 28. Ne4 Nxe4 29. Rxe4 d5 30. Rd4 Qd6 31. Rd3 d4 32. Rbd1 Ra8 33. Nxd4 Bxd4 34. Rxd4 Qxd4 35. Rxd4 Rxd4 36. Qxb7 Rdxa4 37. Qb2 h5 38. Qf6 R8a6 39. Qb2 h4 40. Qb8+ Kg7 41. Qb5 Ra1+ 42. Kh2 Rf6 43. Qe5 Ra2 44. f3 Ra4 45. Qb5 Rff4 46. Qe5+ Kh7 47. Kh1 Rf5 48. Qe8 Ra1+ 49. Kh2 Rf4 50. Qe5 Raa4 51. Kh1 Rf5 52. Qe8 Rc4 53. Kh2 Kg7 54. Qe2 Rfc5 55. Qb2+ f6 56. Qe2 Rc7 57. Qe6 Rc2 58. Qe4 g5 59. Qe8 Rd2 60. Qe3 Rb2 61. Qa3 Re2 62. Qd3 Rcc2 63. Qd7+ Kg6 64. Qd3+ Kh6 65. Qd8 Kg7 66. Qd7+ Kg6 67. Qd3+ Kf7 68. Qh7+ Ke6 69. Qg8+ Ke5 70. Qe8+ Kd4 71. Qa4+ Kd3 72. Qb3+ Kd2 73. f4 gxf4 74. Qf3 Ke1 75. Kh1 Rf2 76. Qg4 f5 77. Qxh4 f3 78. gxf3 Kf1 79. Qg3 Rg2 0-1

[Event "ESP-ch U18"]
[Site "Salobrena"]
[Date "2019.07.23"]
[Round "3"]
[White "Alvarez Albiol, Victor"]
[Black "Gonzalez Vacas, Raul"]
[Result "1-0"]
[WhiteElo "2075"]
[BlackElo "1432"]
[PlyCount "45"]
[EventDate "2019.07.22"]
[EventType "swiss"]
[EventRounds "9"]
[EventCountry "ESP"]
[SourceTitle "CBM 191 Extra"]
[Source "ChessBase"]
[SourceDate "2019.09.30"]
[SourceVersion "1"]
[SourceVersionDate "2019.09.30"]
[SourceQuality "1"]

1. e4 c5 2. Nf3 d6 3. Bb5+ Bd7 4. Bxd7+ Nxd7 5. 0-0 g6 6. c3 Bg7 7. d4 cxd4 8. cxd4 Ngf6 9. e5 Nd5 10. exd6 exd6 11. Re1+ Ne7 12. Qe2 Kf8 13. Bg5 f6 14. Qe6 Rc8 15. Bf4 Nf5 16. Bxd6+ Nxd6 17. Qxd6+ Kf7 18. Qe6+ Kf8 19. Nc3 Nb6 20. Qb3 Bh6 21. Re6 Kg7 22. Rae1 Bf4 23. Re7+ 1-0

[Event "ESP-ch U18"]
[Site "Salobrena"]
[Date "2019.07.22"]
[Round "2"]
[White "Gonzalez Vacas, Raul"]
[Black "Castillo Martinez, Aran"]
[Result "1-0"]
[WhiteElo "1432"]
[BlackElo "1968"]
[PlyCount "105"]
[EventDate "2019.07.22"]
[EventType "swiss"]
[EventRounds "9"]
[EventCountry "ESP"]
[SourceTitle "CBM 191 Extra"]
[Source "ChessBase"]
[SourceDate "2019.09.30"]
[SourceVersion "1"]
[SourceVersionDate "2019.09.30"]
[SourceQuality "1"]

1. e4 e5 2. Nf3 Nc6 3. Bb5 a6 4. Bxc6 dxc6 5. 0-0 Bg4 6. h3 h5 7. d3 Bd6 8. Nbd2 Qf6 9. Nc4 Bxf3 10. Qxf3 Qxf3 11. gxf3 Ne7 12. Be3 Ng6 13. Rfb1 0-0 14. Kf1 f5 15. Ke2 f4 16. Bd2 Rfd8 17. Rg1 Kh7 18. Rg5 b5 19. Rxh5+ Kg8 20. Na5 c5 21. Rg1 Nf8 22. Bc3 Ne6 23. Nc6 Re8 24. Bxe5 Bxe5 25. Nxe5 Nd4+ 26. Kd1 Rad8 27. Rhg5 Ne6 28. Rg6 c4 29. Kd2 c5 30. b3 cxd3 31. cxd3 a5 32. h4 a4 33. h5 Ra8 34. h6 Ra7 35. bxa4 bxa4 36. Kc3 Rb7 37. Kc4 Rb4+ 38. Kd5 Rd4+ 39. Kc6 Rc8+ 40. Kb7 Rc7+ 41. Ka6 Rd6+ 42. Kb5 Rb7+ 43. Kc4 Rb4+ 44. Kc3 Rb7 45. Rh1 a3 46. h7+ Kh8 47. Rg2 Nf8 48. Nc4 Ra6 49. Rg5 Rc7 50. Rd5 g6 51. Rd8 Rf6 52. e5 Rff7 53. Nd6 1-0